000 00477cam a2200181ua 4500
020 _c1.25
041 _aeng
_h
082 _a823.308
_bSTE/ST
100 _aStevenson, Robet Louis.
245 _aStrange cases of Dr. Jekyll and Mr.Hyde /
_cRobert Louis Stevenson.
_hTextual Documents
260 _aMumbai :
_bBlackie and Son (India) Ltd. ,
_c1964.
300 _a83 ; .
365 _a1.25
504 _a
942 _cBK
999 _c7789
_d7789